| 000 | 00488 a2200241 4500 | ||
|---|---|---|---|
| 260 | _aWageningen | ||
| 100 | _aVELDKAMP, Tom | ||
| 440 | _n2 | ||
| 260 | _bAgromisa | ||
| 245 | _aFertilité du sol | ||
| 300 | _a26 p. | ||
| 650 | _a<Sol-Fertilité> | ||
| 260 | _c1996 | ||
| 300 | _bill. ; 21 cm. | ||
| 130 | _lFr. | ||
| 035 | _a12323 | ||
| 440 | _a(Agrodok) | ||
| 250 | _a3e ed. | ||
| 020 | _a90-72746-35-X | ||
| 999 |
_c10596 _d10596 |
||